000
00254nam a2200097Ia 4500
001
647641
005
20250826153706.0
008
250824s9999 xx 000 0 und d
245
0
_a
MİNKA ABLA ANTİK
_c
PANAIT ISTRATI
260
_b
ANTİK DÜNYA KLASİKLERİ
999
_c
647641
_d
647641